000 00921nam a22002537a 4500
001 76592
003 BD-RjUL
005 20211209082849.0
008 191224s2019 bg ||||| |||| 00| 0 eng d
035 _a(BD-RjUL)76816
040 _aBD-RjUL
_beng
_cBD-RjUL
041 _aeng
082 _223
_a345.5492002632
_bALC 2019
100 _aAli, Md. Keramat
_9236794
245 _aCase Law Evidence Act :
_b(admiralty, civil, criminal, special original, statutury) case law with commentary /
_cAuthored by Md. Keramat Ali ; Co-author & edited by Faysal Habib
246 _aCase Law Evidence Act :
_bcase law with commentary
250 _a1st edition.
260 _aDinajpur, Bangladesh :
_bBlack Coat Publication Firm,
_c2019
300 _avii, 281 p. ;
_c25 cm.
650 _aCriminal law
_zBangladesh
_9236795
650 _aEvidence, Criminal
_zBangladesh.
_9236796
700 _aHabib, Faysal
_9236801
942 _2ddc
_cBK
999 _c76592
_d76592